Zwycięzcy turniejów wielkoszlemowych 2001-2010 - zdjęcia. - Statystyki

Ogólne statystyki
  • Ten quiz został rozwiązany 14 razy
  • Średni wynik to 7 z 15
Statystyki odpowiedzi
Obrazkowy Odpowiedź % Poprawnych
Novak Djokovic
100%
Rafael Nadal
100%
Roger Federer
86%
Andre Agassi
71%
Pete Sampras
64%
Lleyton Hewitt
57%
Marat Safin
43%
Andy Roddick
36%
Juan Martin del Potro
36%
Goran Ivanisevic
29%
Gustavo Kuerten
21%
Juan Carlos Ferrero
21%
Albert Costa
14%
Gaston Gaudio
14%
Thomas Johansson
7%
Nie znaleziono quizów pasujących do podanych kryteriów
Rozkład punktacji
Procent ludzi z każdym wynikiem
Percentyl według liczby udzielonych odpowiedzi
Twoja historia wyników
Nie rozwiązałeś tego quizu